000
00331nam a2200145Ia 4500
003
OSt
005
20240301114941.0
008
170524s9999 xx 000 0 und d
020
_a
978-9353168384
040
_c
IIMT UNIVERSITY
100
_a
Lal. Jawahar
245
0
_a
Cost Accounting
260
_a
New Delhi:TMH
942
_2
ddc
_c
01
999
_c
3096
_d
3096